Thủ thuật windows 98 toàn tập

Uloženo v:
Podrobná bibliografie
Hlavní autor: PHẠM HỒNG TÀI
Médium: Kniha
Jazyk:Undetermined
Vydáno: Thanh niên 2001
Tagy: Přidat tag
Žádné tagy, Buďte první, kdo otaguje tento záznam!
Thư viện lưu trữ: Trung tâm Học liệu Trường Đại học Cần Thơ
LEADER 00432nam a2200145Ia 4500
001 CTU_48494
008 210402s9999 xx 000 0 und d
082 |a 005.437 
082 |b T103 
100 |a PHẠM HỒNG TÀI 
245 0 |a Thủ thuật windows 98 toàn tập 
245 0 |c PHẠM HỒNG TÀI, Đinh Vũ Nhân 
260 |b Thanh niên 
260 |c 2001 
980 |a Trung tâm Học liệu Trường Đại học Cần Thơ